000 00638nam a2200241Ia 4500
003 OSt
005 20220918193304.0
006 a|||||r|||| 00| 0
007 ta
008 220917b |||||||| |||| 00| 0 eng d
024 _a72,496
037 _cTextual
040 _aARTS
_cARTS
_beng
041 _2eng
_aeng
082 _aR491, M4
100 _aMidgley Mary
_936912
245 0 _aWickedness
_b a philosophical essay
260 _aLondon
_bRoutledge and Kegan Paul
_c1984
300 _aviii,224p.
_ccm.
650 _aGOOD AND EVIL
_919248
942 _hR491, M4
_cTEXL
_2CC
999 _c198484
_d198484